[Event "Reykjavik op"]
[Site "Reykjavik"]
[Date "2018.03.08"]
[Round "4"]
[White "Halldorsson, Hjorleifur"]
[Black "Carlsen, Henrik"]
[Result "0-1"]
[WhiteElo "1792"]
[BlackElo "2031"]
[PlyCount "130"]
[EventDate "2018.03.06"]
[EventType "swiss"]
[EventRounds "9"]
[EventCountry "ISL"]
[SourceTitle "CBM 183 Extra"]
[Source "ChessBase"]
[SourceDate "2018.04.19"]
[SourceVersion "1"]
[SourceVersionDate "2018.04.19"]
[SourceQuality "1"]

1. e4 g6 2. d4 Bg7 3. Nc3 d6 4. Bg5 Nf6 5. e5 Nfd7 6. exd6 cxd6 7. Qd2 h6 8. Bh4 a6 9. Nf3 Nc6 10. d5 Nce5 11. Nd4 Qb6 12. 0-0-0 Nc5 13. h3 Bd7 14. f4 Ned3+ 15. Bxd3 Bxd4 16. Rhe1 0-0-0 17. Bf1 Bf6 18. Bxf6 exf6 19. Ne4 Nxe4 20. Rxe4 Rde8 21. Rde1 Kb8 22. Rxe8+ Rxe8 23. Rxe8+ Bxe8 24. b3 Bd7 25. Kb2 Bf5 26. a3 Be4 27. Bc4 f5 28. g3 Ka7 29. a4 Qg1 30. Qc3 Qf2 31. b4 g5 32. Bb3 gxf4 33. gxf4 Qxf4 34. Qd4+ Kb8 35. Ka2 Qe5 36. Qb6 Qe7 37. Kb2 f4 38. a5 f5 39. Bc4 Qc7 40. Qd4 f3 41. Kb3 Qd8 42. c3 h5 43. Bf1 Kc8 44. Bc4 h4 45. Kb2 Qe7 46. Qh8+ Kc7 47. Qd4 Qg5 48. Qb6+ Kc8 49. Qd4 Qg3 50. Qh8+ Kd7 51. Qf6 Qh2+ 52. Ka3 Qe5 53. Qf7+ Qe7 54. Qh5 Kc7 55. Kb2 Qf6 56. Qh7+ Kc8 57. Qg8+ Qd8 58. Qe6+ Kb8 59. Kb3 f2 60. Qh6 Bxd5 61. Qf4 Bxc4+ 62. Kxc4 Qg8+ 63. Kd4 Qg7+ 64. Kc4 Qf7+ 65. Kd4 Qe6 0-1

[Event "Reykjavik op"]
[Site "Reykjavik"]
[Date "2018.03.07"]
[Round "3"]
[White "Carlsen, Henrik"]
[Black "Hansen, Ib Lynaes"]
[Result "1-0"]
[WhiteElo "2031"]
[BlackElo "1822"]
[PlyCount "83"]
[EventDate "2018.03.06"]
[EventType "swiss"]
[EventRounds "9"]
[EventCountry "ISL"]
[SourceTitle "CBM 183 Extra"]
[Source "ChessBase"]
[SourceDate "2018.04.19"]
[SourceVersion "1"]
[SourceVersionDate "2018.04.19"]
[SourceQuality "1"]

1. d4 Nf6 2. g3 g6 3. Bg2 d5 4. Nf3 Bg7 5. 0-0 0-0 6. c4 c6 7. Nc3 Nbd7 8. cxd5 Nxd5 9. e4 Nc7 10. Be3 Nf6 11. h3 a5 12. Qd2 b5 13. Ne5 Ra6 14. Rfd1 c5 15. Qe2 c4 16. f4 Bb7 17. d5 Qa8 18. a4 b4 19. Nb5 Rc8 20. Nxc4 Qb8 21. Rac1 Nxb5 22. axb5 Ra8 23. Nb6 Nh5 24. Qf2 Rd8 25. Nxa8 Qxa8 26. Bd4 Nf6 27. Rc7 e6 28. Bxf6 Bxf6 29. e5 Bg7 30. d6 Bxg2 31. Qxg2 Qb8 32. Qb7 Qxb7 33. Rxb7 f6 34. Rxg7+ Kxg7 35. Ra1 fxe5 36. fxe5 Ra8 37. b3 Kf7 38. Kf2 Ke8 39. Ke3 Rc8 40. Rxa5 Rc3+ 41. Kd4 Rxb3 42. b6 1-0

[Event "Reykjavik op"]
[Site "Reykjavik"]
[Date "2018.03.06"]
[Round "1"]
[White "Risting, Eivind Olav"]
[Black "Carlsen, Henrik"]
[Result "1-0"]
[WhiteElo "2304"]
[BlackElo "2031"]
[PlyCount "59"]
[EventDate "2018.03.06"]
[EventType "swiss"]
[EventRounds "9"]
[EventCountry "ISL"]
[SourceTitle "CBM 183 Extra"]
[Source "ChessBase"]
[SourceDate "2018.04.19"]
[SourceVersion "1"]
[SourceVersionDate "2018.04.19"]
[SourceQuality "1"]

1. d4 d5 2. c4 e6 3. Nc3 Nf6 4. cxd5 exd5 5. Bg5 Be7 6. Qc2 h6 7. Bh4 0-0 8. e3 Be6 9. Bd3 Nbd7 10. Nge2 c5 11. dxc5 Nxc5 12. 0-0 Rc8 13. Rfd1 Ng4 14. Bxe7 Qxe7 15. h3 Nf6 16. Rac1 Rfd8 17. Qb1 Nxd3 18. Qxd3 Qb4 19. Qb5 Qh4 20. Nf4 Qg5 21. Qxb7 Rb8 22. Qe7 d4 23. Nxe6 fxe6 24. exd4 Rxd4 25. Qxe6+ Kh7 26. Qe2 Rbd8 27. Qc2+ Kh8 28. Rxd4 Rxd4 29. Rd1 Rxd1+ 30. Qxd1 1-0

[Event "Reykjavik op"]
[Site "Reykjavik"]
[Date "2016.03.13"]
[Round "7"]
[White "Ingvason, Johann"]
[Black "Carlsen, Henrik"]
[Result "0-1"]
[WhiteElo "2171"]
[BlackElo "2011"]
[PlyCount "92"]
[EventDate "2016.03.08"]
[EventType "swiss"]
[EventRounds "10"]
[EventCountry "ISL"]
[SourceTitle "CBM 171 Extra"]
[Source "ChessBase"]
[SourceDate "2016.04.26"]
[SourceVersion "1"]
[SourceVersionDate "2016.04.26"]
[SourceQuality "1"]

1. e4 e5 2. Nf3 Nc6 3. Bb5 Nf6 4. 0-0 Nxe4 5. d4 Nd6 6. Bxc6 dxc6 7. dxe5 Nf5 8. Qxd8+ Kxd8 9. Nbd2 h6 10. Ne4 Be7 11. b3 Be6 12. c4 b6 13. h3 Kc8 14. g4 Nh4 15. Nd4 Bd7 16. f4 c5 17. Nf3 h5 18. Nxh4 Bxh4 19. f5 hxg4 20. hxg4 Kb7 21. Bb2 Bc6 22. Nc3 Rad8 23. Rad1 Rxd1 24. Rxd1 Bf3 25. Rf1 Bxg4 26. Rf4 Bh3 27. Nd5 c6 28. Ne3 Bg5 29. Rf3 Bxe3+ 30. Rxe3 Bxf5 31. Rg3 Rh7 32. a3 g6 33. Bc3 Rh4 34. Kg2 a5 35. a4 Be4+ 36. Kf2 Rh2+ 37. Ke3 Bf5 38. Kf4 Be6 39. Kg5 Rh3 40. Rxh3 Bxh3 41. Kf6 Be6 42. Bd2 Ka6 43. Ke7 b5 44. axb5+ cxb5 45. Kd6 bxc4 46. bxc4 Kb6 0-1

[Event "Reykjavik op"]
[Site "Reykjavik"]
[Date "2016.03.09"]
[Round "3"]
[White "Vuilleumier, Alexandre"]
[Black "Carlsen, Henrik"]
[Result "1-0"]
[WhiteElo "2366"]
[BlackElo "2011"]
[PlyCount "81"]
[EventDate "2016.03.08"]
[EventType "swiss"]
[EventRounds "10"]
[EventCountry "ISL"]
[SourceTitle "CBM 171 Extra"]
[Source "ChessBase"]
[SourceDate "2016.04.26"]
[SourceVersion "1"]
[SourceVersionDate "2016.04.26"]
[SourceQuality "1"]

1. Nf3 d5 2. g3 g6 3. Bg2 Bg7 4. d4 Nf6 5. 0-0 0-0 6. c4 c6 7. Qb3 Qb6 8. Nc3 Be6 9. c5 Qxb3 10. axb3 h6 11. b4 Nbd7 12. b5 Ne4 13. bxc6 bxc6 14. Ra6 Rfc8 15. h3 Kh7 16. e3 Rc7 17. Nxe4 dxe4 18. Nd2 f5 19. f3 exf3 20. Bxf3 Rac8 21. b3 Bg8 22. Nc4 h5 23. Bd2 e5 24. Nd6 Nb8 25. Ra3 Rf8 26. Bc3 exd4 27. Bxd4 Bxd4 28. exd4 a6 29. Re1 Kh6 30. b4 g5 31. Rae3 g4 32. Re8 Rxe8 33. Rxe8 gxf3 34. Rxg8 Nd7 35. Nxf5+ Kh7 36. Rg7+ Kh8 37. Rf7 Kg8 38. Nh6+ Kh8 39. g4 Rb7 40. g5 Nxc5 41. dxc5 1-0

[Event "Reykjavik op"]
[Site "Reykjavik"]
[Date "2015.03.13"]
[Round "5"]
[White "Carlsen, Henrik"]
[Black "Maisuradze, Nino"]
[Result "0-1"]
[WhiteElo "1986"]
[BlackElo "2302"]
[PlyCount "40"]
[EventDate "2015.03.10"]
[EventType "swiss"]
[EventRounds "10"]
[EventCountry "ISL"]
[SourceTitle "CBM 165 Extra"]
[Source "ChessBase"]
[SourceDate "2015.04.21"]
[SourceVersion "1"]
[SourceVersionDate "2015.04.21"]
[SourceQuality "1"]

1. d4 Nf6 2. c4 c5 3. d5 e6 4. Nc3 exd5 5. cxd5 d6 6. e4 g6 7. Nf3 Bg7 8. Bd3 Bg4 9. h3 Bxf3 10. Qxf3 0-0 11. 0-0 a6 12. a4 Nbd7 13. Qe2 Re8 14. f4 Rc8 15. Bd2 c4 16. Bxc4 Nxe4 17. Nxe4 f5 18. Bd3 Nc5 19. Nf6+ Qxf6 20. Bc3 Rxe2 0-1

[Event "Reykjavik op"]
[Site "Reykjavik"]
[Date "2015.03.11"]
[Round "2"]
[White "Hauksdottir, Hrund"]
[Black "Carlsen, Henrik"]
[Result "0-1"]
[WhiteElo "1692"]
[BlackElo "1986"]
[PlyCount "96"]
[EventDate "2015.03.10"]
[EventType "swiss"]
[EventRounds "10"]
[EventCountry "ISL"]
[SourceTitle "CBM 165 Extra"]
[Source "ChessBase"]
[SourceDate "2015.04.21"]
[SourceVersion "1"]
[SourceVersionDate "2015.04.21"]
[SourceQuality "1"]

1. e4 e6 2. d4 d5 3. exd5 exd5 4. Bd3 Bd6 5. c3 Ne7 6. Bg5 f6 7. Bh4 Bf5 8. Bg3 Be4 9. Bxe4 dxe4 10. Qg4 0-0 11. Qxe4 Ng6 12. Qxb7 Qe7+ 13. Ne2 Nd7 14. Nd2 Rfe8 15. Qf3 Bf4 16. Nc4 c5 17. Ne3 cxd4 18. Nxd4 Nde5 19. Qd5+ Nf7 20. Ndf5 Qc7 21. 0-0 Rad8 22. Qb3 Qc5 23. Rad1 Rb8 24. Qa4 Bxg3 25. hxg3 Re5 26. Rd2 Rxf5 27. Nxf5 Qxf5 28. Qxa7 Rf8 29. Rd7 Nge5 30. Rc7 Qg6 31. a4 Ng4 32. f3 Nge5 33. a5 Qxg3 34. a6 Nd6 35. Qc5 h5 36. f4 Ng4 37. Qd5+ Kh8 38. Qxh5+ Kg8 39. Re7 Ne3 40. Qf3 Nxf1 41. Qxf1 Nf5 42. Rb7 Re8 43. a7 Re1 44. a8Q+ Kh7 45. Qaa6 Ne3 46. Qad3+ Kh6 47. Rxg7 Kxg7 48. Qd7+ Kh6 0-1

[Event "Reykjavik op"]
[Site "Reykjavik"]
[Date "2014.03.08"]
[Round "6"]
[White "Pajeken, Jakob Leon"]
[Black "Carlsen, Henrik"]
[Result "1/2-1/2"]
[WhiteElo "1703"]
[BlackElo "2027"]
[PlyCount "87"]
[EventDate "2014.03.04"]
[EventType "swiss"]
[EventRounds "10"]
[EventCountry "ISL"]
[SourceTitle "CBM 159 Extra"]
[Source "ChessBase"]
[SourceDate "2014.04.24"]
[SourceVersion "1"]
[SourceVersionDate "2014.04.24"]
[SourceQuality "1"]

1. e4 e5 2. Nf3 Nc6 3. Bc4 Be7 4. d4 exd4 5. Nxd4 Bf6 6. Be3 d6 7. 0-0 Nxd4 8. Bxd4 Bxd4 9. Qxd4 Qf6 10. c3 Be6 11. Nd2 Qxd4 12. cxd4 c6 13. Rfe1 0-0-0 14. Rac1 d5 15. exd5 Bxd5 16. Bxd5 Rxd5 17. Nf3 f6 18. Re8+ Rd8 19. Rce1 Nh6 20. Rxh8 Rxh8 21. h3 Kd7 22. Kf1 Re8 23. Rxe8 Kxe8 24. Ke2 Kd7 25. Kd3 Nf7 26. Nd2 Nd6 27. Ne4 Nxe4 28. Kxe4 Ke6 29. g4 g6 30. h4 a5 31. b3 b6 32. h5 gxh5 33. gxh5 h6 34. a3 b5 35. f3 f5+ 36. Kd3 Kd5 37. f4 Kd6 38. Ke3 Ke6 39. a4 Kd6 40. Kd2 bxa4 41. bxa4 Kd5 42. Kd3 c5 43. dxc5 Kxc5 44. Kc3 1/2-1/2

[Event "Reykjavik op"]
[Site "Reykjavik"]
[Date "2014.03.05"]
[Round "3"]
[White "Carlsen, Henrik"]
[Black "Jonsson, Gauti Pall"]
[Result "1-0"]
[WhiteElo "2027"]
[BlackElo "1618"]
[PlyCount "65"]
[EventDate "2014.03.04"]
[EventType "swiss"]
[EventRounds "10"]
[EventCountry "ISL"]
[SourceTitle "CBM 159 Extra"]
[Source "ChessBase"]
[SourceDate "2014.04.24"]
[SourceVersion "1"]
[SourceVersionDate "2014.04.24"]
[SourceQuality "1"]

1. d4 Nf6 2. c4 e6 3. Nc3 Bb4 4. Qc2 c5 5. Nf3 0-0 6. e3 Nc6 7. Bd2 b6 8. Bd3 Bb7 9. 0-0 d5 10. a3 Bxc3 11. bxc3 Na5 12. cxd5 exd5 13. Ne5 c4 14. Bf5 Nb3 15. Rad1 Bc8 16. f3 Bxf5 17. Qxf5 Qd6 18. Be1 g6 19. Qh3 Qxa3 20. Bh4 Qd6 21. Bxf6 Qxf6 22. Nd7 Qe7 23. e4 Rfd8 24. Ne5 Qd6 25. Ng4 h5 26. Ne3 Qe6 27. Qg3 a5 28. Qg5 a4 29. exd5 Qc8 30. g4 h4 31. Nf5 Kf8 32. Qh6+ Ke8 33. Rde1+ 1-0

[Event "Arctic Chess Challenge"]
[Site "Tromsoe"]
[Date "2010.08.08"]
[Round "9"]
[White "Carlsen, Henrik"]
[Black "Salvesen, Bjorn"]
[Result "1-0"]
[WhiteElo "2085"]
[BlackElo "1791"]
[PlyCount "55"]
[EventDate "2010.07.31"]
[EventType "swiss"]
[EventRounds "9"]
[EventCountry "NOR"]
[SourceTitle "CBM 137 Extra"]
[Source "ChessBase"]
[SourceDate "2010.09.01"]
[SourceVersion "1"]
[SourceVersionDate "2010.09.01"]
[SourceQuality "1"]

1. d4 Nf6 2. c4 e5 3. dxe5 Ng4 4. Nf3 Bc5 5. e3 Nc6 6. Nc3 Ngxe5 7. Be2 d6 8. a3 a5 9. b3 Bf5 10. Nd4 Bxd4 11. exd4 Ng6 12. Be3 0-0 13. Qd2 Re8 14. 0-0-0 Na7 15. h4 c6 16. h5 Nf8 17. h6 g6 18. d5 c5 19. a4 Qf6 20. g4 Bd7 21. g5 Qh8 22. Kb2 Bxa4 23. bxa4 Reb8 24. Ka2 Nd7 25. Rb1 Ne5 26. Ne4 Nc8 27. Nf6+ Kf8 28. f4 1-0

[Event "Arctic Chess Challenge"]
[Site "Tromsoe"]
[Date "2010.08.03"]
[Round "4"]
[White "Forsaa, Elise"]
[Black "Carlsen, Henrik"]
[Result "0-1"]
[WhiteElo "1693"]
[BlackElo "2085"]
[PlyCount "86"]
[EventDate "2010.07.31"]
[EventType "swiss"]
[EventRounds "9"]
[EventCountry "NOR"]
[SourceTitle "CBM 137 Extra"]
[Source "ChessBase"]
[SourceDate "2010.09.01"]
[SourceVersion "1"]
[SourceVersionDate "2010.09.01"]
[SourceQuality "1"]

1. e4 e6 2. d4 d5 3. Nc3 Nf6 4. e5 Nfd7 5. f4 c5 6. Nf3 Nc6 7. Be3 cxd4 8. Nxd4 Bc5 9. Qd2 Qe7 10. h4 f6 11. Nf3 fxe5 12. fxe5 Ndxe5 13. Nxe5 Nxe5 14. Bxc5 Qxc5 15. Qg5 Nc4 16. Bxc4 Qxc4 17. Qxg7 Rf8 18. 0-0-0 Qf4+ 19. Kb1 Bd7 20. Qxh7 0-0-0 21. Qd3 Qg4 22. Qd4 Qxd4 23. Rxd4 Bc6 24. Re1 Rde8 25. Rd2 Kc7 26. Kc1 Rf4 27. g3 Rg4 28. Ne2 e5 29. Rg1 Reg8 30. Rdd1 d4 31. Kd2 Rd8 32. Ke1 Bf3 33. Rd3 Bd5 34. a3 Rd6 35. c3 Bc4 36. Rd2 d3 37. Nc1 e4 38. Kd1 e3 39. Rdg2 d2 40. h5 dxc1Q+ 41. Kxc1 e2 42. Kc2 Rd1 43. Rxd1 Bb3+ 0-1

[Event "Arctic Chess Challenge"]
[Site "Tromsoe"]
[Date "2008.08.10"]
[Round "9"]
[White "Carlsen, Henrik"]
[Black "Soraas, Torben"]
[Result "1-0"]
[WhiteElo "2067"]
[BlackElo "2178"]
[PlyCount "64"]
[EventDate "2008.08.02"]
[EventType "swiss"]
[EventRounds "9"]
[EventCountry "NOR"]
[SourceTitle "CBM 125 Extra"]
[Source "ChessBase"]
[SourceDate "2008.09.01"]
[SourceVersion "1"]
[SourceVersionDate "2008.09.01"]
[SourceQuality "1"]

1. c4 c5 2. g3 Nc6 3. Bg2 g6 4. Nf3 Bg7 5. Nc3 Nf6 6. d4 Nxd4 7. Nxd4 cxd4 8. Qxd4 0-0 9. 0-0 d6 10. Qh4 Be6 11. Bxb7 Rb8 12. Bd5 Bxd5 13. Nxd5 Nxd5 14. cxd5 Bxb2 15. Bg5 f6 16. Bh6 Bxa1 17. Bxf8 Be5 18. Bh6 Qa5 19. Qc4 Kf7 20. Rd1 g5 21. Qe4 Rh8 22. Kh1 Qxa2 23. f4 gxf4 24. gxf4 Qb3 25. Rg1 Qh3 26. Rg7+ Ke8 27. Qa4+ Kf8 28. Rxh7+ Kg8 29. Rg7+ Kf8 30. Qxa7 Qxh2+ 31. Kxh2 Rxh6+ 32. Kg3 Kxg7 1-0

[Event "Arctic Chess Challenge"]
[Site "Tromsoe"]
[Date "2008.08.08"]
[Round "7"]
[White "Carlsen, Henrik"]
[Black "Paleologu, Vladimir"]
[Result "1/2-1/2"]
[WhiteElo "2067"]
[BlackElo "2198"]
[PlyCount "121"]
[EventDate "2008.08.02"]
[EventType "swiss"]
[EventRounds "9"]
[EventCountry "NOR"]
[SourceTitle "CBM 125 Extra"]
[Source "ChessBase"]
[SourceDate "2008.09.01"]
[SourceVersion "1"]
[SourceVersionDate "2008.09.01"]
[SourceQuality "1"]

1. e4 g6 2. f4 c6 3. Nf3 d5 4. Nc3 Nf6 5. e5 Nh5 6. d4 Bg4 7. Be2 e6 8. g3 a6 9. Kf2 c5 10. Be3 Bxf3 11. Bxf3 cxd4 12. Bxd4 Ng7 13. g4 Nc6 14. Be3 h5 15. h3 hxg4 16. hxg4 Rxh1 17. Qxh1 Qa5 18. Qh4 Rd8 19. Kg3 d4 20. Ne4 dxe3 21. Nf6+ Ke7 22. Bxc6 bxc6 23. b4 Qa3 24. Nd7+ Ke8 25. Nf6+ Ke7 26. Ne4+ f6 27. Qxf6+ Ke8 28. Qxg6+ Kd7 29. Rd1+ Kc8 30. Rxd8+ Kxd8 31. Kf3 Qxb4 32. Kxe3 Qe1+ 33. Kf3 Qd1+ 34. Ke3 Qc1+ 35. Kf3 Qxc2 36. f5 Qd1+ 37. Kf4 exf5 38. gxf5 Qf1+ 39. Kg4 Qg1+ 40. Ng3 Qd4+ 41. Kh3 Qxe5 42. Qxc6 Bd6 43. Nf1 Qxf5+ 44. Kg2 Qg6+ 45. Kf3 Qf7+ 46. Ke2 Qxa2+ 47. Nd2 Qe6+ 48. Ne4 Nf5 49. Kd3 Qb3+ 50. Nc3 Bb4 51. Qb6+ Ke7 52. Qxb4+ Qxb4 53. Nd5+ Kd6 54. Nxb4 a5 55. Na2 Kc5 56. Kc3 Nd4 57. Kb2 Nb5 58. Nc3 Nd4 59. Ka3 Kc4 60. Ka4 Kxc3 61. Kxa5 1/2-1/2

[Event "Arctic Chess Challenge"]
[Site "Tromsoe"]
[Date "2008.08.03"]
[Round "2"]
[White "Prakken, Gerrit"]
[Black "Carlsen, Henrik"]
[Result "1/2-1/2"]
[WhiteElo "2220"]
[BlackElo "2067"]
[PlyCount "60"]
[EventDate "2008.08.02"]
[EventType "swiss"]
[EventRounds "9"]
[EventCountry "NOR"]
[SourceTitle "CBM 125 Extra"]
[Source "ChessBase"]
[SourceDate "2008.09.01"]
[SourceVersion "1"]
[SourceVersionDate "2008.09.01"]
[SourceQuality "1"]

1. d4 Nf6 2. c4 e6 3. Nc3 Bb4 4. e3 c5 5. Bd3 d5 6. Nf3 Nc6 7. 0-0 cxd4 8. exd4 0-0 9. Bg5 Be7 10. Re1 dxc4 11. Bxc4 Nd5 12. Bxd5 exd5 13. Bxe7 Nxe7 14. Qb3 b6 15. Ne5 Be6 16. h3 Nf5 17. Rad1 Qg5 18. Nf3 Qd8 19. Re5 Qd7 20. Rde1 Rac8 21. Qd1 h6 22. Qd3 Nd6 23. R5e2 Bf5 24. Qd1 Ne4 25. Qb3 Rfd8 26. Ne5 Qb7 27. Re3 Nxc3 28. Rxc3 Rxc3 29. Qxc3 Rc8 30. Qf3 Be6 1/2-1/2

[Event "Gausdal op-B"]
[Site "Gausdal"]
[Date "2008.04.14"]
[Round "7"]
[White "Spanton, Timothy"]
[Black "Carlsen, Henrik"]
[Result "0-1"]
[WhiteElo "2007"]
[BlackElo "2082"]
[PlyCount "60"]
[EventDate "2008.04.08"]
[EventType "swiss"]
[EventRounds "9"]
[EventCountry "NOR"]
[SourceTitle "CBM 123 Extra"]
[Source "ChessBase"]
[SourceDate "2008.05.06"]
[SourceVersion "1"]
[SourceVersionDate "2008.05.06"]
[SourceQuality "1"]

1. e4 e6 2. d3 d5 3. Nd2 Nf6 4. Ngf3 c5 5. g3 Nc6 6. Bg2 Be7 7. 0-0 0-0 8. Re1 b5 9. e5 Ne8 10. Nf1 f5 11. h4 h6 12. h5 Nc7 13. N3h2 Bd7 14. c3 Rb8 15. d4 b4 16. Be3 Nb5 17. Qd2 bxc3 18. bxc3 cxd4 19. cxd4 Bb4 20. Qd3 Bxe1 21. Rxe1 Qa5 22. Nf3 Qc3 23. Qd1 Na3 24. Qe2 Rb7 25. Bd2 Nxd4 26. Nxd4 Qxd4 27. Rd1 Bb5 28. Qe1 Qc4 29. Bc1 Nc2 30. Nd2 Qxa2 0-1

[Event "Gausdal op-B"]
[Site "Gausdal"]
[Date "2008.04.11"]
[Round "4"]
[White "Andersen, Dag"]
[Black "Carlsen, Henrik"]
[Result "1/2-1/2"]
[WhiteElo "1953"]
[BlackElo "2082"]
[PlyCount "155"]
[EventDate "2008.04.08"]
[EventType "swiss"]
[EventRounds "9"]
[EventCountry "NOR"]
[SourceTitle "CBM 123 Extra"]
[Source "ChessBase"]
[SourceDate "2008.05.06"]
[SourceVersion "1"]
[SourceVersionDate "2008.05.06"]
[SourceQuality "1"]

1. d4 g6 2. e4 Bg7 3. Nc3 d6 4. Bc4 c5 5. Nge2 cxd4 6. Nxd4 Nc6 7. Be3 Nf6 8. f3 0-0 9. Qd2 a6 10. Bb3 Bd7 11. Nxc6 Bxc6 12. Bh6 Rc8 13. Bxg7 Kxg7 14. 0-0-0 Qa5 15. h4 h5 16. Rde1 Rfe8 17. Qe3 Qc5 18. Qf4 e6 19. Qd2 Red8 20. Rh3 b5 21. Ne2 e5 22. Ng3 Bd7 23. Nf5+ Bxf5 24. exf5 Rc7 25. fxg6 fxg6 26. Rg3 Nh7 27. f4 exf4 28. Rc3 Qb6 29. Rxc7+ Qxc7 30. Qxf4 Rf8 31. Qd4+ Nf6 32. Re6 Qc5 33. Rxd6 Qxd4 34. Rxd4 Ng4 35. Rd7+ Kh6 36. c4 Rc8 37. Rd6 Ne3 38. Rxa6 Nxc4 39. Bc2 Ne5 40. Re6 Nd3+ 41. Kd2 Nf4 42. Rf6 Rd8+ 43. Kc1 Rd4 44. g3 Ne2+ 45. Kb1 Rg4 46. Bd3 Nxg3 47. Bxb5 Rxh4 48. a4 Ne4 49. Rc6 Nd2+ 50. Kc2 Nf3 51. Rc4 Rh2+ 52. Kc3 Nd2 53. Rc7 Ne4+ 54. Kb3 Rh3+ 55. Kb4 Nd2 56. Rc3 Rh2 57. b3 Rh4+ 58. Ka5 Rd4 59. Kb6 Rb4 60. a5 Nxb3 61. a6 Nd4 62. Rc5 Nxb5 63. Rxb5 Ra4 64. a7 Rxa7 65. Kxa7 h4 66. Kb6 g5 67. Kc5 h3 68. Kd4 h2 69. Rb8 Kh5 70. Rh8+ Kg4 71. Rxh2 Kf3 72. Rh8 g4 73. Rf8+ Ke2 74. Ke4 g3 75. Rg8 Kf2 76. Rb8 g2 77. Rb2+ Kg3 78. Rxg2+ 1/2-1/2

[Event "Gausdal op-B"]
[Site "Gausdal"]
[Date "2008.04.08"]
[Round "1"]
[White "Carlsen, Henrik"]
[Black "Lahlum, Ida"]
[Result "1-0"]
[WhiteElo "2082"]
[BlackElo "1831"]
[PlyCount "43"]
[EventDate "2008.04.08"]
[EventType "swiss"]
[EventRounds "9"]
[EventCountry "NOR"]
[SourceTitle "CBM 123 Extra"]
[Source "ChessBase"]
[SourceDate "2008.05.06"]
[SourceVersion "1"]
[SourceVersionDate "2008.05.06"]
[SourceQuality "1"]

1. d4 d5 2. c4 dxc4 3. Nc3 e6 4. e4 c6 5. a4 Bb4 6. Bxc4 Ne7 7. Nf3 0-0 8. 0-0 Qc7 9. Be3 Bxc3 10. bxc3 Nd7 11. e5 c5 12. Rc1 Nb6 13. Bd3 c4 14. Bxh7+ Kxh7 15. Ng5+ Kg8 16. Qh5 Rd8 17. Qxf7+ Kh8 18. f4 Nbd5 19. Rf3 Nf5 20. Rh3+ Nh6 21. Qg6 Kg8 22. Rxh6 1-0

[Event "Arctic Chess Challenge"]
[Site "Tromsoe"]
[Date "2007.08.04"]
[Round "8"]
[White "Jensen, Paul Johan"]
[Black "Carlsen, Henrik"]
[Result "1/2-1/2"]
[WhiteElo "1879"]
[BlackElo "2089"]
[PlyCount "120"]
[EventDate "2007.08.04"]
[EventType "swiss"]
[EventRounds "9"]
[EventCountry "NOR"]
[SourceTitle "CBM 119 Extra"]
[Source "ChessBase"]
[SourceDate "2007.09.04"]
[SourceVersion "1"]
[SourceVersionDate "2007.09.04"]
[SourceQuality "1"]

1. c4 g6 2. g3 Bg7 3. Bg2 c5 4. Nc3 Nc6 5. e3 e5 6. Nge2 Nge7 7. 0-0 0-0 8. b3 d6 9. Bb2 Bg4 10. h3 Be6 11. Nd5 Qd7 12. Kh2 Bxd5 13. cxd5 Nb4 14. Nc3 Nd3 15. Qc2 Nxb2 16. Qxb2 b5 17. Qc2 f5 18. Rad1 Rac8 19. Ne2 c4 20. d4 cxd3 21. Qxd3 Rc5 22. e4 Rfc8 23. Rc1 a6 24. Rxc5 Rxc5 25. Rc1 Qc8 26. Rxc5 Qxc5 27. Kg1 Bf6 28. Bf3 Kg7 29. Kg2 fxe4 30. Bxe4 Nf5 31. f4 Ne3+ 32. Kf3 Nf1 33. Kg2 Ne3+ 34. Kf3 Nf5 35. Kg2 Bd8 36. fxe5 dxe5 37. Bxf5 gxf5 38. d6 Kf6 39. g4 fxg4 40. hxg4 Ke6 41. Nc3 Qc6+ 42. Kg3 Qxd6 43. Qf5+ Ke7 44. Qxh7+ Ke8 45. Qg8+ Kd7 46. Qd5 Qxd5 47. Nxd5 Kd6 48. Ne3 Kc5 49. Nc2 a5 50. Kf3 Kd5 51. Ke3 Bg5+ 52. Kf3 Bc1 53. a4 e4+ 54. Ke2 bxa4 55. bxa4 Kc4 56. Ne3+ Kd4 57. Nc2+ Ke5 58. Ne3 Kd4 59. Nc2+ Kc3 60. Ne3 Kd4 1/2-1/2

[Event "Gausdal Classics op"]
[Site "Gausdal"]
[Date "2007.04.25"]
[Round "8"]
[White "Torgersen, Terje"]
[Black "Carlsen, Henrik"]
[Result "1-0"]
[WhiteElo "2133"]
[BlackElo "2095"]
[PlyCount "55"]
[EventDate "2007.04.18"]
[EventType "swiss"]
[EventRounds "9"]
[EventCountry "NOR"]
[SourceTitle "CBM 117 Extra"]
[Source "ChessBase"]
[SourceDate "2007.05.09"]
[SourceVersion "1"]
[SourceVersionDate "2007.05.09"]
[SourceQuality "1"]

1. e4 e5 2. Nf3 Nc6 3. Bb5 a6 4. Ba4 Nf6 5. d4 exd4 6. 0-0 Be7 7. Re1 0-0 8. e5 Ne8 9. Nxd4 Nxd4 10. Qxd4 d6 11. c4 Be6 12. Nd2 dxe5 13. Qxe5 Bf6 14. Qh5 g6 15. Qe2 Qd4 16. Bb3 Nd6 17. Nf3 Qg4 18. c5 Bxb3 19. cxd6 Bd5 20. dxc7 Bc6 21. h3 Qf5 22. Be3 Rfe8 23. Qd1 Rac8 24. Nd4 Bxd4 25. Qxd4 Rxc7 26. Bh6 Rxe1+ 27. Rxe1 f6 28. Qd8+ 1-0

[Event "Gausdal Classics op"]
[Site "Gausdal"]
[Date "2007.04.24"]
[Round "7"]
[White "Carlsen, Henrik"]
[Black "Guddahl, Viggo"]
[Result "1/2-1/2"]
[WhiteElo "2095"]
[BlackElo "2159"]
[PlyCount "36"]
[EventDate "2007.04.18"]
[EventType "swiss"]
[EventRounds "9"]
[EventCountry "NOR"]
[SourceTitle "CBM 117 Extra"]
[Source "ChessBase"]
[SourceDate "2007.05.09"]
[SourceVersion "1"]
[SourceVersionDate "2007.05.09"]
[SourceQuality "1"]

1. d4 d6 2. e4 Nf6 3. Nc3 g6 4. f4 Bg7 5. Nf3 c5 6. d5 0-0 7. Bd3 e6 8. 0-0 exd5 9. exd5 Re8 10. f5 c4 11. Bxc4 Bxf5 12. Bg5 Qb6+ 13. Qd4 Nxd5 14. Qxb6 Nxb6 15. Bb3 Na6 16. Rad1 Nc5 17. Nd4 Bxd4+ 18. Rxd4 Ne6 1/2-1/2

[Event "Gausdal Classics op"]
[Site "Gausdal"]
[Date "2007.04.23"]
[Round "6"]
[White "Urkedal, Frode Olav Olsen"]
[Black "Carlsen, Henrik"]
[Result "1-0"]
[WhiteElo "2176"]
[BlackElo "2095"]
[PlyCount "55"]
[EventDate "2007.04.18"]
[EventType "swiss"]
[EventRounds "9"]
[EventCountry "NOR"]
[SourceTitle "CBM 117 Extra"]
[Source "ChessBase"]
[SourceDate "2007.05.09"]
[SourceVersion "1"]
[SourceVersionDate "2007.05.09"]
[SourceQuality "1"]

1. d4 e6 2. Nf3 b6 3. e4 Bb7 4. Bd3 Nf6 5. Qe2 d5 6. e5 Nfd7 7. Ng5 g6 8. h4 c5 9. h5 c4 10. Qf3 Qe7 11. hxg6 cxd3 12. Nxf7 hxg6 13. Nxh8 dxc2 14. Nc3 Nc6 15. Nxg6 Qb4 16. Nxf8 Nxf8 17. Qh5+ Kd8 18. Qf7 Nd7 19. Rh7 Bc8 20. Qxe6 Kc7 21. Qd6+ Qxd6 22. Nb5+ Kb8 23. Nxd6 Nxd4 24. Be3 Nc6 25. e6 Nf6 26. e7 Bd7 27. e8Q+ Nxe8 28. Rxd7 1-0